000 01065cam a2200289 i 4500
001 64207
003 Mx-PuUPA
005 20231219094646.0
008 160503s2016 flua gr 000 0 eng d
020 _a9781482255386
_qempastado
040 _aMx-PuUPA
_bspa
_cMx-PuUPA
_dMx-PuUPA
_erda
041 0 _aeng
100 1 _aAgustiady, Tina,
_eautor
_91830
245 1 0 _aTotal productive maintenance :
_bstrategies and implementation guide /
_cTina Kanti Agustiady, Elizabeth A. Cudney
264 1 _aBoca Raton, FL :
_bCRC Press :
_bTaylor & Francis Group,
_c2016
300 _axxi, 299 páginas :
_bilustraciones ;
_c23 cm.
336 _atexto
_2rdacontent
_btxt
337 _asin medio
_2rdamedia
_bn
338 _avolumen
_2rdacarrier
_bnc
490 0 _aIndustrial Innovation Series
650 7 _aEquipo industrial
_xMantenimiento y reparación
_2armarc
650 7 _aMantenimiento de planta
_xProducción
_2armarc
700 1 _aCudney, Elizabeth A.,
_eautor
942 _2ddc
_cLI
_h658.202
_iA282
999 _c64207
_d64207